| 000 | 00707nam a2200217 a 4500 | ||
|---|---|---|---|
| 999 |
_c9538 _d9538 |
||
| 001 | 9538 | ||
| 003 | BD-JhCC | ||
| 005 | 20180318132132.0 | ||
| 008 | 180318s1965 bg |||| ||a| 000 0 ben d | ||
| 035 | _a(BD-JhCC)9538 | ||
| 040 |
_aBD-JhCC _dBD-JhCC |
||
| 041 | _aben | ||
| 082 |
_a354.547 _bHAS 1965 |
||
| 100 | _aহাশেম, এম, এ, | ||
| 245 |
_aপাকিস্তানের শাসনব্যবস্থা / _cএম, এ, হাশেম, |
||
| 260 |
_aকুষ্টিয়া : _bশ্রী অমরেন্দ্র চক্রবর্তী, _c1965 |
||
| 300 |
_a338 p. : _c23 cm. |
||
| 650 |
_aPublic Adminitration _zPakistan |
||
| 942 |
_2ddc _cBK |
||